000 00907cam a22003017a 4500
003 CHAP
005 20220329133010.0
008 971013s1937 r 00010 d
010 _a1100
011 _a2072
035 _a1261
040 _cCHAP
082 _a410
_bS8Y
100 0 0 _aStubbs, Michael.
_9110046
245 0 _aAnálisis del discurso
_b: Análisis sicolinguísticos del lenguaje natural
260 _aMadrid :
_bAlianza,
_c1937
300 _a256 p.
490 0 _aAlianza psicología
590 _aBATCH-UPD
_b10
_c20130110
_lUCH01
_h1239
590 _aBATCH-UPD
_b10
_c20130410
_lUCH01
_h0806
590 _aBATCH-UPD
_b10
_c20130914
_lUCH01
_h1725
590 _aCONVERSION
_b10
_c20130109
_lUCH01
_h1302
650 1 4 _aLingüística.
_966979
830 0 _aAlianza psicologia
_94097
901 _aBK
942 _cLIBRO
949 _a410 S8Y
_bBC
_cLIBRO
_d-10725
_eLIBRO
_gI. c/e
_h78827
_i1261
_si
_t92.70
999 _c1100
_d1100